| 000 | 02117cam a2200385 i 4500 | ||
|---|---|---|---|
| 001 | 22801507 | ||
| 003 | EG-ScBUE | ||
| 005 | 20250226092737.0 | ||
| 008 | 220923t2024 nyua f b 001 0 eng d | ||
| 020 | _a9781266189142 | ||
| 020 | _a1266189149 | ||
| 040 |
_aDLC _beng _erda _cDLC _dDLC _dEG-ScBUE |
||
| 082 | 0 | 4 |
_a658.4012 _222 _bRIC |
| 100 | 1 |
_aRichardson, Vernon J., _eauthor. |
|
| 245 | 1 | 0 |
_aIntroduction to business analytics / _cVernon J. Richardson, University of Arkansas, Baruch College, Marcia Weidenmier Watson, Trinity University. |
| 264 | 1 |
_aNew York, NY : _bMcGraw Hill, _c[2024] |
|
| 264 | 4 | _cc2024 | |
| 300 |
_a1 volume (various pagings) : _billustrations ; _c26 cm |
||
| 336 |
_atext _btxt _2rdacontent |
||
| 337 |
_aunmediated _bn _2rdamedia |
||
| 338 |
_avolume _bnc _2rdacarrier |
||
| 500 | _aIncludes appendix. | ||
| 504 | _aIncludes bibliographical references and index. | ||
| 520 |
_a"Focus on Building Skills with Excel, Tableau, and Power BI. Students learn how to conduct business analytics using Excel, Tableau, and Power BI-three software tools that are widely used by businesses today. Focus on Building Critical Thinking Skills. From learning to ask the right questions to interpreting and presenting results, Introduction to Business Analytics fosters critical thinking and develops business analysis skills. It teaches students how to use descriptive, diagnostic, predictive, prescriptive, and advanced analytics to answer the following business questions"-- _cProvided by publisher. |
||
| 650 | 7 |
_aBusiness intelligence _vJuvenile literature. _2BUEsh |
|
| 650 | 7 |
_aBusiness planning _vJuvenile literature. _2BUEsh |
|
| 650 | 7 |
_aStrategic planning _vJuvenile literature. _2BUEsh |
|
| 650 | 7 |
_aBig data _vJuvenile literature. _2BUEsh |
|
| 655 | _vReading book | ||
| 700 | 1 |
_aWatson, Marcia Weidenmier, _eauthor. |
|
| 776 | 0 | 8 |
_iOnline version: _aRichardson, Vernon J. _tIntroduction to business analytics _dNew York, NY : McGraw Hill, [2024] _z9781265451813 _w(DLC) 2022046171 |
| 906 |
_a7 _bcbc _corignew _d1 _eecip _f20 _gy-gencatlg |
||
| 942 |
_2ddc _cBB |
||
| 999 |
_c30928 _d30899 |
||